[Event "Morbihan-ch 0607"]
[Site "Morbihan"]
[Date "2006.12.16"]
[Round "3"]
[White "Peyre, Jean Jacques"]
[Black "Meysson, Jean Marc"]
[Result "0-1"]
[WhiteElo "1780"]
[BlackElo "1951"]
[PlyCount "124"]
[EventDate "2006.10.21"]
[EventType "swiss"]
[EventRounds "7"]
[EventCountry "FRA"]
[SourceTitle "EXT 2009"]
[Source "ChessBase"]
[SourceDate "2008.11.26"]
[SourceVersion "1"]
[SourceVersionDate "2008.11.26"]
[SourceQuality "1"]

1. c4 g6 2. Nf3 Bg7 3. g3 d6 4. Bg2 e5 5. d3 Nc6 6. Nc3 f5 7. 0-0 Nf6 8. Rb1 0-0 9. b4 h6 10. Qb3 Kh7 11. a4 g5 12. Qc2 g4 13. Ne1 Nd4 14. Qd1 Nh5 15. e3 Ne6 16. Ne2 Qe8 17. Nc2 Qg6 18. b5 Rb8 19. Nb4 Nf6 20. Nc3 h5 21. Ncd5 Rf7 22. Nxf6+ Bxf6 23. Nd5 Bg5 24. a5 Qh6 25. Bd2 h4 26. f4 exf4 27. exf4 Bf6 28. Nxf6+ Qxf6 29. Be3 Bd7 30. d4 b6 31. Rf2 Re8 32. Qd2 Qh6 33. Bd5 Rfe7 34. Re1 Kg6 35. Rfe2 Qh8 36. Bf2 hxg3 37. hxg3 Qf6 38. Kg2 Ng7 39. Be3 Be6 40. Bxe6 Rxe6 41. d5 Re4 42. Bf2 Rxe2 43. Rxe2 Rxe2 44. Qxe2 Kf7 45. axb6 axb6 46. Qc2 Nh5 47. Qd3 Kg6 48. Bd4 Qe7 49. Kf2 Qe8 50. Be3 Nf6 51. Kg2 Ne4 52. Qd4 Qg8 53. Bf2 Qh7 54. Qe3 Qh8 55. Kf1 Qb2 56. Kg2 Qc2 57. Qd4 Qe2 58. Kg1 Qd2 59. Kg2 Qxd4 60. Bxd4 Nd2 61. Bc3 Nxc4 62. Kf2 Na3 0-1

[Event "Morbihan-ch 0506"]
[Site "Arradon"]
[Date "2006.03.18"]
[Round "7"]
[White "Meysson, Jean Marc"]
[Black "Tripoteau, Nicolas"]
[Result "0-1"]
[WhiteElo "2010"]
[BlackElo "2266"]
[PlyCount "72"]
[EventDate "2005.10.01"]
[EventType "swiss"]
[EventRounds "7"]
[EventCountry "FRA"]
[SourceTitle "EXT 2007"]
[Source "ChessBase"]
[SourceDate "2006.11.23"]
[SourceVersion "1"]
[SourceVersionDate "2006.11.23"]
[SourceQuality "1"]

1. d4 Nf6 2. c4 e6 3. Nc3 b6 4. e4 Bb4 5. Bd3 Bb7 6. f3 c5 7. a3 Bxc3+ 8. bxc3 d6 9. Ne2 h6 10. Ng3 Nc6 11. Qe2 cxd4 12. Bb2 dxc3 13. Bxc3 h5 14. Qe3 Ne5 15. Bxe5 dxe5 16. Rd1 Qc7 17. Ne2 Rc8 18. Nc3 0-0 19. Nb5 Qb8 20. 0-0 Rfd8 21. Be2 a6 22. Nc3 Bc6 23. a4 Qc7 24. Kh1 Be8 25. g3 h4 26. Kg2 Nh7 27. gxh4 Nf8 28. Kh1 Ng6 29. Qg5 f6 30. Qg4 Nf4 31. Rg1 Bh5 32. Qg3 Rxd1 33. Bxd1 Rd8 34. Ne2 Rxd1 35. Rxd1 Nxe2 36. Qf2 Nd4 0-1

[Event "Morbihan-ch 0405"]
[Site "Arradon"]
[Date "2005.04.09"]
[Round "7"]
[White "Meysson, Jean Marc"]
[Black "Pascot, Jean"]
[Result "1-0"]
[WhiteElo "1940"]
[BlackElo "1900"]
[PlyCount "107"]
[EventDate "2004.10.10"]
[EventType "swiss"]
[EventRounds "7"]
[EventCountry "FRA"]
[SourceTitle "EXT 2007"]
[Source "ChessBase"]
[SourceDate "2006.11.23"]
[SourceVersion "1"]
[SourceVersionDate "2006.11.23"]
[SourceQuality "1"]

1. d4 b6 2. c4 e6 3. Nc3 d5 4. Nf3 c5 5. cxd5 cxd4 6. Qxd4 exd5 7. Qxd5 Qxd5 8. Nxd5 Bd6 9. e4 Nd7 10. Bb5 Ne7 11. 0-0 Nxd5 12. exd5 0-0 13. Bc6 Rb8 14. Bg5 Nc5 15. Rad1 Ne4 16. Bc1 Bg4 17. h3 Bh5 18. g4 Bg6 19. Rfe1 h5 20. Nh4 Bh7 21. Nf5 Bxf5 22. gxf5 Nc5 23. Bg5 f6 24. Bh4 a5 25. Bg3 Rfd8 26. a3 a4 27. Bxd6 Rxd6 28. Re7 Rbd8 29. Re8+ Rxe8 30. Bxe8 h4 31. Bc6 Kf7 32. Rd4 g5 33. fxg6+ Kxg6 34. Rxh4 Kg5 35. Rd4 Kf5 36. Rb4 Ke5 37. Rxb6 f5 38. Rb8 Kf4 39. Rb4+ Kf3 40. Rd4 Ne4 41. Rd3+ Ke2 42. Re3+ Kd2 43. Bxa4 Nc5 44. Bc6 f4 45. Re8 Rg6+ 46. Kh2 f3 47. d6 Rg2+ 48. Kh1 Rxf2 49. b4 Rf1+ 50. Kh2 Nd3 51. d7 f2 52. Bg2 Rh1+ 53. Kxh1 f1Q+ 54. Bxf1 1-0

[Event "Morbihan-ch 0405"]
[Site "Arradon"]
[Date "2005.03.05"]
[Round "5"]
[White "Meysson, Jean Marc"]
[Black "Pouliquen, Alain"]
[Result "1-0"]
[WhiteElo "1920"]
[BlackElo "1770"]
[PlyCount "118"]
[EventDate "2004.10.10"]
[EventType "swiss"]
[EventRounds "7"]
[EventCountry "FRA"]
[SourceTitle "EXT 2007"]
[Source "ChessBase"]
[SourceDate "2006.11.23"]
[SourceVersion "1"]
[SourceVersionDate "2006.11.23"]
[SourceQuality "1"]

1. d4 Nf6 2. c4 c5 3. d5 b5 4. cxb5 a6 5. e3 d6 6. Nc3 g6 7. Nf3 Bg7 8. a4 0-0 9. Qc2 Bb7 10. e4 Nbd7 11. bxa6 Bxa6 12. Bxa6 Rxa6 13. 0-0 Qc7 14. Rb1 Rfa8 15. b3 Ng4 16. Nb5 Qc8 17. Bg5 f6 18. Bf4 Nge5 19. Bxe5 fxe5 20. Ng5 Nf8 21. Qc4 h6 22. Nf3 e6 23. Rfd1 Qd7 24. dxe6 Nxe6 25. Rd5 Kh8 26. Rbd1 Nd4 27. Nfxd4 cxd4 28. Rc1 Rf8 29. Qc7 Qg4 30. Qc2 Raa8 31. Nxd6 h5 32. Nc4 Bh6 33. Nxe5 Qe6 34. Rd1 Rac8 35. Nc4 Rf4 36. R5xd4 Rcf8 37. Rf1 h4 38. Rd6 Qc8 39. Qc3+ Bg7 40. Qd3 Qc5 41. Ne3 Qg5 42. e5 Kh7 43. e6 h3 44. g3 Rf3 45. e7 Re8 46. Qe4 Rf6 47. Rxf6 Bxf6 48. Nd5 Kg7 49. Re1 Qd2 50. Nxf6 Kxf6 51. Qe6+ Kg7 52. Qe5+ Kf7 53. a5 Qd3 54. Qe6+ Kg7 55. a6 Qf3 56. Qe4 Qxb3 57. a7 Qb4 58. Qxb4 Rc8 59. e8Q Kf6 1-0

[Event "FRA-chT3 0405"]
[Site "France"]
[Date "2005.01.09"]
[Round "5"]
[White "Meysson, Jean Marc"]
[Black "Le Bail, Clara"]
[Result "1-0"]
[WhiteElo "1920"]
[BlackElo "1890"]
[PlyCount "131"]
[EventDate "2004.10.10"]
[EventType "team-tourn"]
[EventRounds "9"]
[EventCountry "FRA"]
[SourceTitle "EXT 2007"]
[Source "ChessBase"]
[SourceDate "2006.11.23"]
[SourceVersion "1"]
[SourceVersionDate "2006.11.23"]
[SourceQuality "1"]

1. d4 d5 2. c4 c6 3. Nf3 Nf6 4. Nc3 dxc4 5. a4 Bf5 6. e3 e6 7. Bxc4 Bb4 8. 0-0 0-0 9. Nh4 Bg4 10. f3 Bh5 11. g4 Nd5 12. Bxd5 exd5 13. Qe1 Bg6 14. Nxg6 fxg6 15. Bd2 Na6 16. Na2 Be7 17. Nc1 Qd6 18. Nd3 Bf6 19. b4 Rfe8 20. Qg3 Qxg3+ 21. hxg3 Nc7 22. Rab1 Rac8 23. Rfc1 Ne6 24. Re1 Ng5 25. Kg2 Rc7 26. Rbc1 Rf7 27. b5 cxb5 28. axb5 b6 29. Nf4 Rd7 30. Rc2 Ne6 31. Nxe6 Rxe6 32. Rec1 Bd8 33. Kf2 Ree7 34. Bb4 Rf7 35. Rc8 h6 36. R1c6 Kh7 37. Bd6 Bf6 38. R8c7 Rxc7 39. Rxc7 Kg8 40. Rc8+ Kh7 41. Rc7 Kg8 42. Rxf7 Kxf7 43. Bb8 Bd8 44. f4 Ke6 45. Kf3 h5 46. g5 Kf5 47. Be5 Be7 48. Bxg7 Bd6 49. Be5 Be7 50. Bc7 Bb4 51. Bb8 Bc3 52. Bxa7 Ba5 53. Bb8 Ke6 54. Be5 Kf5 55. Bc7 Ke6 56. e4 Kd7 57. Be5 Ke6 58. Bb8 Bc3 59. Be5 Bb4 60. exd5+ Kxd5 61. f5 gxf5 62. g6 Ke6 63. g7 Kf7 64. Kf4 Bc3 65. Kxf5 Bd2 66. d5 1-0

[Event "Morbihan-ch 0304"]
[Site "Morbihan"]
[Date "2004.01.10"]
[Round "4"]
[White "Meysson, Jean Marc"]
[Black "Hysiqi, Rezak"]
[Result "1-0"]
[WhiteElo "1910"]
[BlackElo "1499"]
[PlyCount "51"]
[EventDate "2003.10.??"]
[EventType "swiss"]
[EventRounds "7"]
[EventCountry "FRA"]
[SourceTitle "EXT 2005"]
[Source "ChessBase"]
[SourceDate "2004.11.15"]
[SourceVersion "1"]
[SourceVersionDate "2004.11.15"]
[SourceQuality "1"]

1. d4 d5 2. c4 e6 3. Nc3 Nf6 4. cxd5 exd5 5. Bg5 Be7 6. e3 h6 7. Bh4 a6 8. Bd3 Ng4 9. Bxe7 Qxe7 10. Nxd5 Qd6 11. Nc3 Nxh2 12. Qh5 Ng4 13. Nf3 c5 14. Ne4 Qb6 15. Nxc5 Qxb2 16. 0-0 Qb6 17. Rab1 Qc7 18. Rfc1 Qa5 19. Qh4 Qa3 20. Nxb7 Bxb7 21. Qxg4 0-0 22. Ne5 Bd5 23. Qf5 Rd8 24. Rc7 Be6 25. Qh7+ Kf8 26. Qh8# 1-0

[Event "Morbihan-ch 0304"]
[Site "Morbihan"]
[Date "2003.12.13"]
[Round "3"]
[White "Chapelle, Alain"]
[Black "Meysson, Jean Marc"]
[Result "0-1"]
[WhiteElo "1640"]
[BlackElo "1880"]
[PlyCount "54"]
[EventDate "2003.10.??"]
[EventType "swiss"]
[EventRounds "7"]
[EventCountry "FRA"]
[SourceTitle "EXT 2005"]
[Source "ChessBase"]
[SourceDate "2004.11.15"]
[SourceVersion "1"]
[SourceVersionDate "2004.11.15"]
[SourceQuality "1"]

1. d4 Nf6 2. g3 g6 3. Bg2 Bg7 4. e4 d6 5. Ne2 Nbd7 6. 0-0 0-0 7. Bg5 h6 8. Bxf6 Bxf6 9. Nd2 c5 10. c3 Qb6 11. dxc5 Nxc5 12. Nb3 Nxb3 13. Qxb3 Qxb3 14. axb3 a6 15. Rfd1 Bd7 16. e5 Bxe5 17. Bxb7 Rab8 18. Bxa6 Rxb3 19. Rab1 Rfb8 20. Nc1 R3b6 21. Bc4 Bxc3 22. b3 Bf5 23. Bd3 Be6 24. Bc2 Bf6 25. Kg2 Bg5 26. f4 Bf6 27. Rd3 Rc8 0-1

[Event "Morbihan-ch 0102"]
[Site "Morbihan"]
[Date "2002.03.02"]
[Round "5"]
[White "Duplessy, Franck"]
[Black "Meysson, Jean Marc"]
[Result "1-0"]
[WhiteElo "2070"]
[BlackElo "1880"]
[PlyCount "57"]
[EventDate "2001.10.20"]
[EventType "swiss"]
[EventRounds "7"]
[EventCountry "FRA"]
[SourceTitle "EXT 2005"]
[Source "ChessBase"]
[SourceDate "2004.11.15"]
[SourceVersion "1"]
[SourceVersionDate "2004.11.15"]
[SourceQuality "1"]

1. e4 c5 2. b3 Nc6 3. Bb2 e5 4. f4 exf4 5. Nf3 d6 6. Bb5 Bd7 7. 0-0 a6 8. Bxc6 Bxc6 9. e5 d5 10. Qe2 Qc7 11. e6 f6 12. Nc3 Bd6 13. Rac1 Ne7 14. d4 0-0-0 15. Qd2 g5 16. Ne2 Rhg8 17. dxc5 Bxc5+ 18. Nfd4 Rg6 19. b4 Ba7 20. Rf3 Rh6 21. Kh1 Kb8 22. a4 Be8 23. b5 Bg6 24. bxa6 Be4 25. Rc3 Qe5 26. Rb3 f3 27. Rxb7+ Ka8 28. Rxa7+ Kxa7 29. Nb5+ 1-0

[Event "Morbihan-ch 0102"]
[Site "Morbihan"]
[Date "2001.11.24"]
[Round "2"]
[White "Meysson, Jean Marc"]
[Black "Jambou, Gilbert"]
[Result "1-0"]
[WhiteElo "1940"]
[BlackElo "1650"]
[PlyCount "119"]
[EventDate "2001.10.20"]
[EventType "swiss"]
[EventRounds "7"]
[EventCountry "FRA"]
[SourceTitle "EXT 2005"]
[Source "ChessBase"]
[SourceDate "2004.11.15"]
[SourceVersion "1"]
[SourceVersionDate "2004.11.15"]
[SourceQuality "1"]

1. e4 c5 2. Nf3 d6 3. d4 cxd4 4. Nxd4 Nf6 5. Nc3 a6 6. Be2 e5 7. Nb3 Be7 8. 0-0 0-0 9. a4 Nbd7 10. Be3 Qc7 11. Kh1 Nc5 12. Bxc5 dxc5 13. Bc4 Bg4 14. f3 Rad8 15. Qe2 Bh5 16. Rfd1 Bg6 17. Nd2 Rd7 18. Nf1 Rxd1 19. Rxd1 Rd8 20. Ne3 Rxd1+ 21. Qxd1 Qd6 22. Qxd6 Bxd6 23. Kg1 Kf8 24. Kf2 h5 25. Ned5 Nd7 26. Ke2 Ke8 27. g3 f5 28. Bd3 f4 29. b3 Kd8 30. Kf2 Bf7 31. Ne2 fxg3+ 32. hxg3 Bxd5 33. exd5 Nf6 34. c4 a5 35. Bg6 Ke7 36. Nc3 b6 37. Kg2 Kd7 38. Kh3 Be7 39. Kg2 Bd8 40. Nb5 Ke7 41. Kf2 Kd7 42. Ke3 Ke7 43. Nc3 Kd6 44. Ne2 Be7 45. Ng1 Bd8 46. Nh3 Be7 47. Kd3 Bd8 48. Ng5 Be7 49. Ne6 Nxd5 50. cxd5 Kxd5 51. Nxg7 h4 52. Be4+ Kd6 53. Nf5+ Ke6 54. Nxh4 Kf6 55. Nf5 Bd8 56. Kc4 Ke6 57. Kb5 Kd7 58. Ne3 Bg5 59. Nc4 Kc7 60. Nxe5 1-0